00553nam a22001097a 4500040000800000082002700008100002000035245025000055260002600305300002500331856008700356 cRUA aAGR RAT 2013 B054 Or.1 aRATH, CHANTARA. aEffect of host plants on development and yield cocoon of eri silkworm ឥទ្ធិពលចំណីលើការវិវត្តន៍ និងទិន្នផលសំបុកសូត្រដង្កូវនាងអេរ៉ី aPhnom penhbRUAc2013 ax; 40p.bill.c29cm. uhttps://drive.google.com/file/d/1x-w1mTMRXTS-6Go1S5Bd63kwFlrqK-Vt/view?usp=sharing